Fictional Aquatic Creatures Under the Sea - Statistics

General Stats
  • This quiz has been taken 188 times
  • The average score is 3 of 8
Answers on the Map
Answers color-coded by a green-red scale on the quiz's map according to % correct below.
 
Answer Stats
Universe Creature % Correct
Finding Nemo/____ Dory
97%
Pokémon Squirtle
73%
JetPunk Jeppy
38%
Super Mario Cheep Cheep
36%
_____ Ponyo
34%
The Legend of Zelda Octorock
16%
Harry Potter Grindylow
12%
The Lord of the Rings Watcher in the Water
6%
No matching quizzes found
Score Distribution
Percent of People with Each Score
Percentile by Number Answered
Your Score History
You have not taken this quiz